01446nam a2200301 i 4500001001000000003000900010005001700019007000300036008004100039040003000080082002500110100002800135245006000163260000600223264003400229300004500263336002700308337003300335338002800368490007100396490002000467500002600487504003300513505045200546650005700998830006901055830002001124000036678DO-SdBNP20250924073803.0ta120124s1982 dr 000 0 spa d aDO-SdBNPbspacBNPHUerda a780.97293bJ82md2221 aJorge, Bernarda.eautor13aLa música dominicana siglos XIX-XX /cBernarda Jorge. b  aSanto Domingo :bUASD,c1982. a207 páginsa :bilustraciones ;c28 cm. ardacontentbtexto2txt ardamediabsin mediación2n ardacarrierbvolumen2nc1 aPublicaciones de la Universidad Autónoma de Santo Domingo ;v3061 aArte y Sociedad aTextos a dos columnas aBibliografía : p. 195 -201 aLa música en España en el siglo XVI 19|La música de los taínos 21|La música en los primeros siglos de la Colonia 27|Bailes y danzas 39|Actividad musical 59|Compositores, estilos y obras 93|Música popular tradicional 111|Actividad musical en los inicios del siglo 143|Creación (1900-1940) 169|Cambios a partir de la década de los 40 195|Evolución de la música "popular" hasta 1959 219|Tendencias estéticas a partir de 1960 227 4aMúsica dominicanaxHistoria y críticaySiglo XIX aPublicaciones de la Universidad Autónoma de Santo Domingov306 0aArte y Sociedad